000 01265nam a2200337 4500
003 EG-GICUC
005 20260308111711.0
008 260301s1930 nyub|||fr|||| 001 0 eng d
040 _aEG-GiCUC
_beng
_cEG-GiCUC
_dEG-GiCUC
_erda
041 _aeng
082 0 4 _221
_a341.851
_bMO.I
092 0 4 _221
099 _aLaw1 12 341.851 MO.I 1930
100 1 _aMoore , John Bassett
_eeditor.
245 1 4 _aInternational Adjudications :
_bAncient And Modern History And Documents Together With Mediatorial Reports, Advisory Opinions, And The Decisions Of Domestic Commissions, On International Claims/
_nVol.2,
_pModern Series /
_c John Bassett Moore.
264 3 _aNew York :
_bOxford University Press,
_c1930.
300 _a407 pages,
_c24 cm.
_billustrations, Maps,
336 _2rda content
_atext
337 _2rda media
_aComputer
338 _2rda carrier
_aOnline Resource
500 _aIncludes Index Pages 305-407.
504 _aBibliography: pages 200-250.
546 _aText in English
650 1 4 _aPublic international law
_2qrmak
650 1 4 _aInternational courts
_2qrmak
651 1 _2qrmak
700 1 _aMoore, John Bassett
_eeditor.
856 4 0 _uhttps://fll.law.cu.edu.eg/fulltext/bks/B12-03036.pdf
905 _a60
942 _2ddc
_n0
_cBK
_e21
999 _c64541
_d64541